| 000 | 00350nam a2200133Ia 4500 | ||
|---|---|---|---|
| 008 | 240624s9999 xx 000 0 und d | ||
| 041 | _aeng | ||
| 082 | _a368 CRO | ||
| 100 | _aCROMPTON ROB | ||
| 245 | _aCURRICULUM BANK KEY STAGE ONE SCOTTISH L | ||
| 260 |
_c1998 _aWarwickshire _bScholastic Ltd. |
||
| 300 | _a144 : p. : cm. ; 29 | ||
| 365 |
_cBPS _b30 |
||
| 999 |
_c16509 _d16509 |
||